000 00505nam a2200193 a 4500
001 1770288091777
003 YourLibrary
005 20260205161444.0
008 260205s2006##################000#0#eng##
020 _a9780300120523
082 0 4 _a305.821
_bMAN
100 1 _aMandler, Peter,
_eauthor.
245 1 0 _aThe English National Character :
260 _bYale University Press,
_c2006.
300 _a372 pages
650 0 _aHistory.
942 _cENGLISH
040 _aYourLibrary
_beng
_cYourLibrary
999 _c610539
_d610539